<?xml version="1.0" encoding="UTF-8"?>
<record
    xmlns:xsi="http://www.w3.org/2001/XMLSchema-instance"
    xsi:schemaLocation="http://www.loc.gov/MARC21/slim http://www.loc.gov/standards/marcxml/schema/MARC21slim.xsd"
    xmlns="http://www.loc.gov/MARC21/slim">

  <leader>01376    a2200253   4500</leader>
  <controlfield tag="003">Nust</controlfield>
  <controlfield tag="005">20170207153558.0</controlfield>
  <datafield tag="010" ind1=" " ind2=" ">
    <subfield code="a">  2004044755</subfield>
  </datafield>
  <datafield tag="020" ind1=" " ind2=" ">
    <subfield code="a">9788131723227</subfield>
  </datafield>
  <datafield tag="040" ind1=" " ind2=" ">
    <subfield code="c">Nust</subfield>
  </datafield>
  <datafield tag="082" ind1="0" ind2="0">
    <subfield code="a">512.5</subfield>
  </datafield>
  <datafield tag="100" ind1="1" ind2=" ">
    <subfield code="a">Kolman, Bernard,</subfield>
  </datafield>
  <datafield tag="245" ind1="1" ind2="0">
    <subfield code="a">Introductory linear algebra :</subfield>
    <subfield code="b">an applied first course /</subfield>
    <subfield code="c">Bernard Kolman, David R. Hill.</subfield>
  </datafield>
  <datafield tag="250" ind1=" " ind2=" ">
    <subfield code="a">8th ed.</subfield>
  </datafield>
  <datafield tag="260" ind1=" " ind2=" ">
    <subfield code="a">Upper Saddle River, N.J. :</subfield>
    <subfield code="b">Pearson/Prentice Hall,</subfield>
    <subfield code="c">c2005.</subfield>
  </datafield>
  <datafield tag="300" ind1=" " ind2=" ">
    <subfield code="a">1 v. (various pagings) :</subfield>
    <subfield code="b">ill. ;</subfield>
    <subfield code="c">26 cm.</subfield>
  </datafield>
  <datafield tag="500" ind1=" " ind2=" ">
    <subfield code="a">Includes index.</subfield>
  </datafield>
  <datafield tag="500" ind1=" " ind2=" ">
    <subfield code="a">Rev. ed. of: Introductory linear algebra with applications. 7th ed. c2001.</subfield>
  </datafield>
  <datafield tag="505" ind1=" " ind2=" ">
    <subfield code="a">Linear Equation and Matrices (Page-1) Applications of Linear Equations and Matrices Optional (Page-119) Determinates (Page-182) Vectors in Rn (Page-214) Applications of Vectors in R2 and R3 Options (Page-259) Real Vector Space (Page-272) Applications of Real Vector Spaces Optional (Page-375) Eigen values ,Eigenvectors and Diagonlization (Page-408) Applications of Eigen values and Eigenvectors (Page-447) Linear Transformation and Matrices (Page-502) Cumulative Re3view of Introductory Linear Algebra (Page-555) Linear Programming Optional (Page-558) Matlab for Linear Algebra (Page-615)</subfield>
  </datafield>
  <datafield tag="538" ind1=" " ind2=" ">
    <subfield code="a">Almirah No.11  Shelf No.3</subfield>
  </datafield>
  <datafield tag="650" ind1=" " ind2="0">
    <subfield code="a">Algebras, Linear.</subfield>
  </datafield>
  <datafield tag="700" ind1="1" ind2=" ">
    <subfield code="a">Hill, David R.</subfield>
    <subfield code="d">1943-</subfield>
  </datafield>
  <datafield tag="700" ind1="1" ind2=" ">
    <subfield code="a">Kolman, Bernard,</subfield>
    <subfield code="d">1932-</subfield>
  </datafield>
  <datafield tag="942" ind1=" " ind2=" ">
    <subfield code="2">ddc</subfield>
    <subfield code="c">BK</subfield>
  </datafield>
  <datafield tag="999" ind1=" " ind2=" ">
    <subfield code="c">189190</subfield>
    <subfield code="d">189190</subfield>
  </datafield>
  <datafield tag="952" ind1=" " ind2=" ">
    <subfield code="0">0</subfield>
    <subfield code="1">0</subfield>
    <subfield code="2">ddc</subfield>
    <subfield code="4">0</subfield>
    <subfield code="7">0</subfield>
    <subfield code="8">NFIC</subfield>
    <subfield code="a">MCS</subfield>
    <subfield code="b">MCS</subfield>
    <subfield code="d">2016-12-12</subfield>
    <subfield code="l">1</subfield>
    <subfield code="o">512.5  KOL</subfield>
    <subfield code="p">MCS27594</subfield>
    <subfield code="q">2022-12-23</subfield>
    <subfield code="r">2022-08-25</subfield>
    <subfield code="s">2022-08-25</subfield>
    <subfield code="w">2016-12-12</subfield>
    <subfield code="y">BK</subfield>
  </datafield>
</record>
